000 00586nam a2200217Ii 4500
003 JO-AjNU
008 230606s9999||||xx |||||||||||||| ||und||
020 _a978-1482-245-714
040 _aJO-AjNU
_beng
_erda
_cJO-AjNU
041 _aeng
050 1 4 _aTA405.S4925 2014
100 3 _aSingh.k,
_eauthor
_95181
245 0 0 _aStrength of materilas
250 _a3 ed
264 3 1 _aNew York :CRC press ,2013
300 _a624P
336 _atext
_btxt
_2rdacontent
337 _aunmediated
_bn
_2rdamedia
338 _avolume
_bnc
_2rdacarrier
650 4 _aStrength of materilas
_95182
999 _aE2678
_c2676
_d2676